Văn hóa chính trị Việt Nam truyền thống và hiện đại
Đã lưu trong:
| 主要作者: | |
|---|---|
| 格式: | 圖書 |
| 語言: | Vietnamese |
| 出版: |
Hà Nội
Văn hóa thông tin
1998
|
| 主題: | |
| 標簽: |
添加標簽
沒有標簽, 成為第一個標記此記錄!
|
| Thư viện lưu trữ: | Trung tâm Học liệu Lê Vũ Hùng, Trường Đại học Đồng Tháp |
|---|
| LEADER | 00779aam a22002418a 4500 | ||
|---|---|---|---|
| 001 | 00042479 | ||
| 005 | 20181002101001.0 | ||
| 008 | 120403s2007 ||||||viesd | ||
| 020 | # | # | |c 26000 |
| 041 | 0 | # | |a vie |
| 082 | 1 | 4 | |a 320.095 97 |b V115H |
| 100 | 1 | # | |a Nguyễn, Hồng Phong |
| 245 | 1 | 0 | |c Nguyễn Hồng Phong |a Văn hóa chính trị Việt Nam truyền thống và hiện đại |
| 260 | # | # | |a Hà Nội |b Văn hóa thông tin |c 1998 |
| 300 | # | # | |c 21 cm. |a 251 tr. |
| 653 | # | # | |a Nghiên cứu |
| 653 | # | # | |a Phát triển |
| 653 | # | # | |a Việt Nam |
| 653 | # | # | |a Xã hội |
| 653 | # | # | |a tư tưởng |
| 852 | # | # | |j KD.0024243 |
| 910 | |d 02/10/2018 | ||
| 980 | # | # | |a Trung tâm Học liệu Lê Vũ Hùng, Trường Đại học Đồng Tháp |